000 01349nam a2200349 a 4500
001 ebr10053688
003 CaPaEBR
006 m u
007 cr cn|||||||||
008 030318s2003 ne b sb 001 0 eng d
010 _z 2003443450
020 _z905356571X (pbk.)
040 _aCaPaEBR
_cCaPaEBR
035 _a(OCoLC)54385833
050 1 4 _aJV7590
_b.E956 2003eb
072 7 _aHT
_2lcco
072 7 _aHN
_2lcco
082 0 4 _a304.8/4
_222
245 0 0 _aEurope's invisible migrants
_h[electronic resource] /
_cAndrea L. Smith (ed.).
260 _aAmsterdam :
_bAmsterdam University Press,
_c2003.
300 _a246 p. :
_bmap.
504 _aIncludes bibliographical references and index.
533 _aElectronic reproduction.
_bPalo Alto, Calif. :
_cebrary,
_d2013.
_nAvailable via World Wide Web.
_nAccess may be limited to ebrary affiliated libraries.
650 0 _aDecolonization.
650 0 _aReturn migration
_zEurope.
651 0 _aEurope
_xEmigration and immigration
_xSocial aspects
_xHistory
_y20th century.
651 0 _aEurope
_xEmigration and immigration
_xHistory
_y20th century.
655 7 _aElectronic books.
_2local
700 1 _aSmith, Andrea L.
710 2 _aebrary, Inc.
856 4 0 _uhttp://site.ebrary.com/lib/rucke/Doc?id=10053688
_zAn electronic book accessible through the World Wide Web; click to view
999 _c64499
_d64499